| 000 | 00408nam a2200157Ia 4500 | ||
|---|---|---|---|
| 008 | 210210b2003 xxu||||| |||| 00| 0 eng d | ||
| 020 | _a81 229 0004 6 | ||
| 082 | _a070.43 FOXW | ||
| 100 | _aFOX (Walter) | ||
| 245 | _aWriting the news: a guide for print journalists Ed.3 | ||
| 250 | _a | ||
| 260 |
_aDelhi _bSurjeet Publications, _c2003 |
||
| 300 | _aviii,157 | ||
| 690 | _aJournalism | ||
| 906 | _a059223 | ||
| 999 |
_c106346 _d106346 |
||